Evaluación de la cultura institucional en educación: un enfoque cualitativo teórico-práctico
Salvato in:
| Autore principale: | |
|---|---|
| Natura: | Libro |
| Lingua: | spagnolo |
| Pubblicazione: |
Santiago
Arrayán
2006
|
| Edizione: | 1a. ed |
| Serie: | Colección Perfeccionamiento Docente. Teoría para la Práctica
|
| Soggetti: | |
| Tags: |
Aggiungi Tag
Nessun Tag, puoi essere il primo ad aggiungerne!!
|
MARC
| LEADER | 00000nam a2200000 a 4500 | ||
|---|---|---|---|
| 001 | UCI0702 | ||
| 003 | CL-VaPUC | ||
| 008 | 070525e20060000CL |||||||||||||||||spa|d | ||
| 020 | |a 9562405001 | ||
| 082 | 0 | 4 | |a 306.43 |b DIE |2 21 |
| 100 | 0 | |a Díez Gutiérrez, Enrique Javier |e author |9 520883 | |
| 245 | 1 | 0 | |a Evaluación de la cultura institucional en educación: un enfoque cualitativo teórico-práctico |
| 250 | |a 1a. ed | ||
| 300 | |a 212 p | ||
| 942 | |c BK | ||
| 945 | |d 20070525 00:00:00 |a cmena | ||
| 260 | |a Santiago |b Arrayán |c 2006 | ||
| 650 | 0 | |a Sociología de la educación |9 260380 | |
| 650 | 0 | |a Desarrollo cultural |9 267526 | |
| 650 | 0 | |a Cambio social |9 256857 | |
| 650 | 0 | |a Innovaciones pedagógicas |9 307471 | |
| 650 | 0 | |a Planificación del currículo |9 269599 | |
| 583 | |a last modification |c 20140404 06:37:32 |k Rodrigo Vera | ||
| 490 | 0 | |a Colección Perfeccionamiento Docente. Teoría para la Práctica | |
| 999 | |c 325762 |d 325760 | ||
| 952 | |0 0 |1 0 |4 0 |6 306_430000000000000_DIE_2006 |7 0 |8 A |9 407074 |a BIBEDU |b BIBEDU |d 2019-11-22 |i 4342968 |l 2 |o 306.43 DIE 2006 |p 4342968 |r 2022-06-16 |s 2022-06-09 |w 2019-11-22 |y BK |k EFI | ||
| 952 | |0 0 |1 0 |4 0 |6 306_430000000000000_DIE_2006 |7 0 |8 A |9 407075 |a BIBEDU |b BIBEDU |d 2019-11-22 |i 4342976 |l 1 |o 306.43 DIE 2006 |p 4342976 |r 2023-12-13 |s 2023-12-13 |w 2019-11-22 |y BK |k EFI | ||